00630nam a22002177a 450000500170000001000130001702000230003003500130005303700160006604000120008208200200009410000190011424500800013326000470021327000500026030000250031050000200033565000160035565000220037170000190039320170124110054.0 aB-061248 c325.00a8120318617 aB-061248 bCen Lib/Ret aDPLbEN a658.820845bFER aFerris, David  aBuilding and intelligent e-business /cby David Ferris [and] Larry Whipple  aNew Delhi bPrentice Hall of India c2001 aM-97, connaught circuss bNew Delhi e110001 axxi, 343p.c23cm(Hb) aIncludes index  aE-business  aTechnical issues  aWhipple, Larry